| 000 | 01760nam a22003257a 4500 | ||
|---|---|---|---|
| 003 | DO-SdBNP | ||
| 005 | 20180313140151.0 | ||
| 008 | 151210b 1988 sp a ||||| |||| 00| 0 spa d | ||
| 020 | _a8477121273 | ||
| 020 | _a8477121400 | ||
| 040 |
_aBPMSU _bspa _cBPMSU |
||
| 082 | 0 | 4 |
_a611 _bL792e |
| 100 | 1 | _aLlobet Colomé, Ramón | |
| 245 | 1 | 0 |
_aErase una vez el cuerpo humano / _cRamón Llobet Colomé ; ilustración interior María Gracía Beaumont. |
| 260 |
_aBarcelona : _bPlaneta-Agostini, _c1988. |
||
| 300 |
_a26 v. : _bil. ; _c27 cm |
||
| 500 | _aLa biblioteca posee los v.1-v.13 ; v.18-v.30 | ||
| 505 | 0 |
_gv. 1 _tLos músculos -- _gv. 2 _tLa piel -- _gv. 3 _t La respiración -- _gv. 4 _t La digestión-I -- _gv. 5 _t.La digestión-II -- _gv. 6 _tLa sangre -- _gv. 7 _tEl corazón -- _gv. 8 _tEl cerebro -- _gv. 9 _tEl esqueleto -- _gv. 10 _tEl hígado. _gv. 11 _tLa médual ósea -- _gv. 12 _tLos riñones -- _gv. 13 _tEl oído -- _gv. 18 _tEl origen de la vida II -- _gv. 19 _tEl nacimiento I -- _gv. 20 _tEl nacimiento II -- _gv. 21 _tEl sistema defensivo -- _gv. 22 _tEl sistema linfático -- _gv. 23 _tNuestro medio ambiente -- _gv. 24 _t Las vacunas -- _gv. 25 _tLas hormonas -- _gv. 26 _t Las plaquetas -- _gv. 27 _tLa cadena de la vida -- _gv. 28 _tLa vida y el sueño -- _gv. 29 _tGrandes investigadores -- _gv. 30 _tLa salud, un derecho de todos _a El origen de la vida II -- |
|
| 650 | 4 | _aCUERPO HUMANO | |
| 650 | 4 | _aMEDIO AMBIENTE | |
| 650 | 4 | _aANATOMIA HUMANA | |
| 650 | 4 | _aSALUD | |
| 650 | 4 | _aEDUCACIÓN DE NIÑOS | |
| 650 | 4 | _aEDUCACIÓN PRIMARIA | |
| 700 | 1 |
_aGracía Beaumont, María, _eil. |
|
| 910 | _aValidado. Control de calidad MFF | ||
| 942 |
_2ddc _cBK |
||
| 945 | _aInventariado, 2018 / BT | ||
| 956 |
_aLorenza Pérez _b10 _2BPMSU _320170124 _600041 |
||
| 999 |
_c9100 _d9100 |
||